logo

Bir Sreshtho Munshi Abdur Rouf Library
Jhenaidah Cadet College

The biosynthesis of macromolecules (Record no. 8180)

MARC details
000 -LEADER
fixed length control field 00741cam a22002651 4500
001 - CONTROL NUMBER
JCCL Control Number 8180
003 - CONTROL NUMBER IDENTIFIER
JCCL marc code BD-JhCC
005 - DATE AND TIME OF LATEST TRANSACTION
control field 20180219104947.0
008 - FIXED-LENGTH DATA ELEMENTS--GENERAL INFORMATION
fixed length control field 721213s1965 nyua b 000 0 eng
035 ## - SYSTEM CONTROL NUMBER
system control number (BD-JhCC)8180
040 ## - CATALOGING SOURCE
Original cataloging agency DLC
Transcribing agency DLC
Modifying agency ICU
-- DLC
-- BD-JhCC
041 ## - LANGUAGE CODE
Language code of Book eng
050 00 - LIBRARY OF CONGRESS CALL NUMBER
Classification number QP521
Item number .I55
082 00 - DEWEY DECIMAL CLASSIFICATION NUMBER
Classification number 574.192
Author mark and Year ING 1965
100 1# - MAIN ENTRY--PERSONAL NAME
Personal name Ingram, Vernon M.
245 14 - TITLE STATEMENT
Title The biosynthesis of macromolecules
Statement of responsibility, etc [by] Vernon M. Ingram.
260 ## - PUBLICATION, DISTRIBUTION, ETC. (IMPRINT)
Place of publication, distribution, etc New York,
Name of publisher, distributor, etc W. A. Benjamin,
Date of publication, distribution, etc 1965.
300 ## - PHYSICAL DESCRIPTION
Pagination xv, 223 p.
Other physical details illus.
Dimensions 22 cm.
440 #0 -
Title Biology teaching monograph series
504 ## - BIBLIOGRAPHY, ETC. NOTE
Bibliography, etc Includes bibliographical references.
650 #0 - SUBJECT ADDED ENTRY--TOPICAL TERM
Topical term or geographic name as entry element Biosynthesis.
650 #0 - SUBJECT ADDED ENTRY--TOPICAL TERM
Topical term or geographic name as entry element Macromolecules.
942 ## - ADDED ENTRY ELEMENTS (KOHA)
Source of classification or shelving scheme Dewey Decimal Classification
Koha item type Books
Holdings
Source of classification or shelving scheme Damaged status Not for loan Home library Current library Shelving location Total Checkouts Full call number Barcode Date last seen Copy number Koha item type
Dewey Decimal Classification     JCC Rouf Library JCC Rouf Library General Stacks   574.192 ING 1965 9141 02/19/2018 C - 1 Books

JCC Library | Contacts | JCC Home

Last Update on 23 September 2017
Copyright @ 2017-2020 JCC Rouf Library
Rouf Library, Jhenidah Cadet College (JCC), Bangladesh